| 000 | 00625nam a2200229 a 4500 | ||
|---|---|---|---|
| 001 | BRCA_7207 | ||
| 005 | 20190320205742.0 | ||
| 008 | 160112s1924----gw-a######---#000-0#ger-# | ||
| 041 | _ager | ||
| 044 | _agw | ||
| 050 | 4 |
_aTK5745 _b.G86 1924 |
|
| 100 | 1 |
_aGunther, Hanns _916380 |
|
| 245 | 1 | 0 |
_aDer praktischen Radioamateur _cHanns Gunther & Franz Fuchs. |
| 260 |
_aSttuttgart, Alemania _bFranckhsuhe _c1924 |
||
| 300 |
_a419 p. _bil. _c20cm. |
||
| 500 | _aP102 | ||
| 650 | 1 | 4 |
_aTelegrafĂa inalambrica _917858 |
| 650 | 1 | 4 |
_aTelefono inalambrico _917859 |
| 700 | 1 |
_aFuchs, Franz _917860 |
|
| 902 | _aGFM | ||
| 942 |
_2lcc _cB |
||
| 999 |
_c6888 _d6888 |
||